| 000 | 01255nmm a2200337 a 4500 | ||
|---|---|---|---|
| 001 | ocm000955233 | ||
| 003 | TR-IsHL | ||
| 005 | 20201028150227.0 | ||
| 008 | 150110s2006 tu tur | ||
| 007 | cr cn | ||
| 020 | _a9789756106181 | ||
| 035 |
_a955233 _b(N$T) |
||
| 050 | 0 | 4 |
_aHD6142.V53 _bP6519 2006 |
| 090 | 0 | 4 |
_aHD6142.V53 _bP6519 2006 |
| 100 | 1 | _aPopp, Adelheid | |
| 245 | 1 | 0 |
_aBir kadın işçinin gençliği: anı _h[electronic resource] / _cAdelheid Popp ; çev. Olcay Geridönmez |
| 250 | _a3. bs. | ||
| 260 |
_aİstanbul : _bEvrensel Basım Yayın, _c2006 |
||
| 300 | _a193 p. | ||
| 500 |
_aEserin özgün adı : Die Jugendgeschichte einer Arbeiterin _x |
||
| 650 | 4 | _aSosyoloji | |
| 650 | 4 | _aSociology | |
| 650 | 0 |
_aPopp, Adelheid, 1869 _x |
|
| 650 | 0 |
_aİşçi kadınlar _x Avusturya _x Viyana _x Biyografi |
|
| 650 | 0 |
_aWorking class women _x Austria _x Vienna _x Biography |
|
| 650 | 0 |
_aKadın sosyalistler _x Avusturya _x Viyana _x Biyografi |
|
| 650 | 0 |
_aWomen socialists _x Austria _x Vienna _x Biography |
|
| 650 | 7 |
_aLITERARY COLLECTIONS / European / German _2bisacsh |
|
| 700 | 1 | _aGeridönmez, Olcay | |
| 856 | 4 | 0 | _uhttp://search.ebscohost.com/login.aspx?direct=true&scope=site&db=e011xww&AN=955233 |
| 999 |
_c10361 _d10361 |
||